Normal view MARC view

Entry Nombre personal

Number of records used in: 25

001 - NÚMERO DE CONTROL

  • campo de control: 112043

003 - IDENTIFICADOR DE NÚMERO DE CONTROL

  • campo de control: SpMaBN

005 - FECHA Y HORA DE LA ÚLTIMA TRANSACCIÓN

  • campo de control: 20231218191820.0

008 - ELEMENTOS DE DATO DE LONGITUD-FIJA

  • campo de control de longitud fija: 901120nn aijnnaabn a aaa

016 ## - NÚMERO DE CONTROL DE UNA AGENCIA BIBLIOGRÁFICA NACIONAL

  • Número de control del registro: BNE19900135751

024 7# - IDENTIFICADOR DE OTROS ESTÁNDARES

  • Número estándar o código: http://viaf.org/viaf/1307757/
  • Fuente: viaf

024 7# - IDENTIFICADOR DE OTROS ESTÁNDARES

  • Número estándar o código: https://orcid.org/0000-0002-5684-7329
  • Fuente: orcid

024 7# - IDENTIFICADOR DE OTROS ESTÁNDARES

  • Número estándar o código: https://isni.org/isni/0000000080811989
  • Fuente: isni

024 7# - IDENTIFICADOR DE OTROS ESTÁNDARES

  • Número estándar o código: http://www.wikidata.org/entity/Q50805746
  • Fuente: wikidata

040 ## - FUENTE DE CATALOGACIÓN

  • Centro catalogador/agencia de origen: SpMaBN
  • Lengua de catalogación: spa
  • Centro/agencia transcriptor: SpMaBN
  • Normas de descripción: rdc
  • Convención/Normas de encabezamiento de materia/tesauro: embne

046 ## - FECHAS CON CODIFICACIÓN ESPECIAL

  • Fecha de nacimiento: 1945

100 1# - ENCABEZAMIENTO-NOMBRE DE PERSONA

  • Nombre de persona: Uña Juárez, Octavio,
  • Fechas asociadas al nombre: 1945-

372 ## - CAMPO DE ACTIVIDAD

  • Campo de actividad: Sociología
  • Fuente de información: (Dialnet)

373 ## - GRUPO ASOCIADO

  • Grupo asociado: Ateneo de Madrid
  • Período de inicio: 2011
  • Fuente de información: Censo mensual de socios 2023

375 ## - GÉNERO/SEXO

  • Género: Masculino

377 ## - IDIOMA ASOCIADO

  • Código del idioma: spa
  • Término de lengua/lenguaje: Español

400 1# - TRAZADO DE VÉASE--NOMBRE DE PERSONA

  • Nombre de persona: Uña, Octavio,
  • Fechas asociadas al nombre: 1945-

400 1# - TRAZADO DE VÉASE--NOMBRE DE PERSONA

  • Nombre de persona: Uña Juárez, Francisco Octavio,
  • Fechas asociadas al nombre: 1945-

670 ## - FUENTE DE DATOS ENCONTRADOS

  • Cita de la fuente: Comunicación y libertad, 1984
  • Información encontrada: port. (Octavio Uña Juárez)

670 ## - FUENTE DE DATOS ENCONTRADOS

  • Cita de la fuente: La sociología, de J.J. Sánchez de Horcajo, Octavio Uña, 1996
  • Información encontrada: port. (Octavio Uña) p. 4 de la cub. (catedrático de sociología de la Univ. de Castilla-La Mancha; autor de obras literarias)

670 ## - FUENTE DE DATOS ENCONTRADOS

  • Cita de la fuente: Dic. de escritores, 1996
  • Información encontrada: (Uña Juárez, Octavio; n. Brime de Sog (Zamora), 15-12-1945; catedrático, escribe poesía y ensayo)

678 ## - DATOS BIOGRÁFICOS O HISTÓRICOS

  • Datos biográficos o históricos: Socio del Ateneo de Madrid n. 17747; ingresó el 18/4/2011
  • Ampliación de la nota: Fuente: Censo mensual de socios 2023

856 4# - LOCALIZACIÓN Y ACCESO ELECTRÓNICOS

  • Identificador Uniforme de Recursos: http://dialnet.unirioja.es/servlet/autorExterno/BNE/1043412